Statistics for Coronation Street Characters

Click here to take the quiz!

General Stats

  • This quiz has been taken 301 times
  • The average score is 12 of 20

Answer Stats

ClueFirst AppearanceAnswer% Correct
Longest serving resident on the street who's had numerous affairs and relationships.December 1960Ken Barlow
87%
Train enthusiast who assisted his wife's death.July 1995Roy Cropper
86%
Once a twisted teenager who pushed his mum down the stairs. Eventually became a hairdresser.December 1990David Platt
81%
Feisty businessman who died in the arms of his arch-enemy on the street.October 1976Mike Baldwin
74%
Eccentric butcher who died on his wedding day. "I say, I say".August 1994Fred Elliott
69%
Once got thumped by the band Status Quo. The actor who played him has gone dramatically downhill since.July 1997Les Battersby
69%
Adopted tearaway who slowly adapted to her new family. Became pregnant at the age of 12.January 2011Faye Windass
67%
Some may consider her the 'Peggy Mitchell' of the Rovers Return. Leopard print clothes were a personal favourite of hers.May 1966Bet Lynch
65%
Religious character who was once nearly murdered with a crowbar.January 1961Emily Bishop
64%
Her character shares the first name of her real name. Her picture now hangs on the wall within the Rovers.June 1969Betty Williams
63%
Unfortunate murderer and identity thief. Alter ego was Colin Fishwick.May 2007John Stape
63%
Once known as Harold Patterson off screen. Loved visiting Blackpool.January 1998Hayley Cropper
60%
She was crushed under the tram crash wreckage after tearing relationships apart.September 2005Molly Dobbs
59%
Notorious villain who drove his family into the canal after multiple murders.June 2001Richard Hillman
58%
Alcoholic, bigamist and failed businessman. Wrongly accused of murder.April 1965Peter Barlow
56%
Never really had a major story-line but is still a fan favourite despite being a bit of an idiot.May 2000Kirk Sutherland
55%
Every relationship she's involved in seems to end in tears or disaster. Spent time in prison after accusiations of being involved in her partner's death.July 1974Gail McIntyre
51%
Always seems to be committing crimes or causing problems whether he's in or out of prison. Once carried out armed robbery.October 1989Jim McDonald
51%
Unlikely churchgoer who got married at the age of 17.November 1994Sophie Webster
44%
Named after a famous footballer. Tragically past away after getting cancer.April 2004Schmeichel
20%

Score Distribution

Percentile by Number Answered

Percent of People with Each Score

Your Score History

You have not taken this quiz